| 000 | 01062nam a2200289 i 4500 | ||
|---|---|---|---|
| 001 | bg | ||
| 100 | 1 | _aKowalski, Zygmunt. | |
| 245 | 1 | 0 |
_aEkologiczna ocena cyklu życia procesów wytwórczych (LCA) / _cZygmunt Kowalski, Joanna Kulczycka, Małgorzata Góralczyk. |
| 260 |
_aWarszawa : _bWydawnictwo Naukowe PWN, _c2007. |
||
| 300 |
_a201, [1] s. : _brys. ; _c24 cm. |
||
| 504 | _aBibliogr. s. 191-198, wykaz norm s. 198 s. Indeks. | ||
| 650 | 9 |
_aTowary _xcykl życia |
|
| 650 | 9 |
_aGospodarka _xwpływ na środowisko |
|
| 650 | 9 | _aŚrodowiskowa ocena cyklu życia | |
| 655 | _aPodręczniki akademickie | ||
| 700 | 1 | _aKulczycka, Joanna | |
| 700 | 1 | _aGóralczyk, Małgorzata | |
| 020 | _a9788301151843 | ||
| 040 | _cBPK | ||
| 041 | 0 | _apol | |
| 044 | _aPOL | ||
| 080 | _a502.17:502.13/.14:504.5:006.3/.8](075.8) | ||
| 920 | _a978-83-01-15184-3 | ||
| 942 | _cKS | ||
| 008 | s pl f |000 0 pol | ||
| 999 |
_c54822 _d54822 |
||
| 856 |
_uhttp://koha.tu.koszalin.pl/cgi-bin/koha/opac-detail.pl?biblionumber=54822 _yKatalog online BPK |
||